Which country? - Statistics

General Stats
  • This quiz has been taken 49 times
    21 since last reset
  • The average score is 9 of 10
Answer Stats
Question Answer % Correct
Which country won WW1 and WW2? France
100%
Which countries border each other? Russia and China
100%
Which country is divided in states/provinces? All of them
93%
Which country isn't an island nation? Mexico
93%
Which country was NATO founded against? Soviet Union
93%
Which country borders the Pacific? All of them
87%
Which country isn't Eurasian? Poland
87%
Which country founded NATO? United States of America
87%
Which country accidentally bombed part of the Marshall Islands? United States of America
80%
Which country borders the Indian Ocean? All of them
60%
No matching quizzes found
Score Distribution
Percent of People with Each Score
Percentile by Number Answered
Your Score History
You have not taken this quiz since the last reset